|
|
|
|
| LEADER |
01873cas a2200241 a 4500 |
| 001 |
AALejournalIMF005113 |
| 008 |
230101c9999 xx r poo 0 0eng d |
| 020 |
|
|
|c 5.00 USD
|
| 020 |
|
|
|z 9781451870008
|
| 022 |
|
|
|a 1018-5941
|
| 040 |
|
|
|a BD-DhAAL
|c BD-DhAAL
|
| 110 |
2 |
|
|a International Monetary Fund.
|
| 245 |
1 |
0 |
|a Constraints on the Design and Implementation of Monetary Policy in Oil Economies :
|b The Case of Venezuela.
|
| 264 |
|
1 |
|a Washington, D.C. :
|b International Monetary Fund,
|c 2008.
|
| 300 |
|
|
|a 1 online resource (47 pages)
|
| 490 |
1 |
|
|a IMF Working Papers
|
| 500 |
|
|
|a <strong>Off-Campus Access:</strong> No User ID or Password Required
|
| 500 |
|
|
|a <strong>On-Campus Access:</strong> No User ID or Password Required
|
| 506 |
|
|
|a Electronic access restricted to authorized BRAC University faculty, staff and students
|
| 520 |
3 |
|
|a By definition, fiscal dominance impedes the effective implementation of any monetary strategy aimed at controlling inflation. Economies that exhibit oil dominance-a situation in which oil exports largely affect the main macroeconomic indicators-may also exhibit fiscal dominance. However, in this case, the standard indicators used to gauge the presence of fiscal dominance may fail to give the appropriate signals. The main purpose of this paper is twofold: i) to present a simple framework to analyze fiscal dominance in oil exporting countries and ii) to test the hypothesis of the presence of oil dominance/fiscal dominance (OD/FD) in the case of Venezuela. Using VAR and VEC models it is possible to conclude that there is relevant evidence supporting the validity of the OD/FD hypothesis.
|
| 538 |
|
|
|a Mode of access: Internet
|
| 830 |
|
0 |
|a IMF Working Papers; Working Paper ;
|v No. 2008/142
|
| 856 |
4 |
0 |
|z Full text available on IMF
|u http://elibrary.imf.org/view/journals/001/2008/142/001.2008.issue-142-en.xml
|z IMF e-Library
|